000 00514cam a2200145 4500
005 20260601133628.0
008 1996 mx spa
050 0 4 _aF1232.4
_bF55 1996
100 1 _aFigueroa Esquer, Raul
245 1 3 _aLa Guerra de Corso de México durante la invasión norteamericana 1845-1848 /
_cRaúl Figueroa Esquer.
260 _aMéxico :
_bITAM,
_c1996
300 _a188 páginas ;
_c22 cm.
651 7 _2lemb
_aMéxico
_xHistoria
_yIntervención norteamericana, 1846-1848
942 _2lcc
_cLIB
999 _c79232
_d79232